Detalles MARC
| 000 -CABECERA |
| campo de control de longitud fija |
02462nam a2200313 i 4500 |
| 001 - NÚMERO DE CONTROL |
| campo de control |
15781 |
| 003 - IDENTIFICADOR DEL NÚMERO DE CONTROL |
| campo de control |
DO-SdUEMH |
| 005 - FECHA Y HORA DE LA ÚLTIMA TRANSACCIÓN |
| campo de control |
20260209152847.0 |
| 007 - CAMPO FIJO DE DESCRIPCIÓN FÍSICA--INFORMACIÓN GENERAL |
| campo de control de longitud fija |
ta |
| 008 - DATOS DE LONGITUD FIJA--INFORMACIÓN GENERAL |
| campo de control de longitud fija |
211105s2014||||dr |||gr|||| 0|| | spa d |
| 020 ## - NÚMERO INTERNACIONAL ESTÁNDAR DEL LIBRO |
| Número Internacional Estándar del Libro |
9789945591002 |
| 040 ## - FUENTE DE LA CATALOGACIÓN |
| Centro catalogador/agencia de origen |
DO-SdUEMH |
| Lengua de catalogación |
spa |
| Normas de descripción |
rda |
| 041 ## - CÓDIGO DE LENGUA |
| Código de lengua del texto/banda sonora o título independiente |
spa |
| 082 14 - NÚMERO DE LA CLASIFICACIÓN DECIMAL DEWEY |
| Número de clasificación |
RD 362.5 R426P |
| Colección |
Colección Dominicana |
| 084 ## - OTRO NÚMERO DE CLASIFICACIÓN |
| Item number |
16-00113 |
| 110 ## - ENTRADA PRINCIPAL--NOMBRE DE ENTIDAD CORPORATIVA |
| Nombre de entidad corporativa o nombre de jurisdicción como elemento de entrada |
República Dominicana: Ministerio de Salud |
| 245 #0 - MENCIÓN DE TÍTULO |
| Título |
Política Nacional de Investigación para la Salud |
| 260 ## - PUBLICACIÓN, DISTRIBUCIÓN, ETC. |
| Date of publication, distribution, etc. |
2014 |
| 264 #1 - PRODUCCIÓN, PUBLICACIÓN, DISTRIBUCIÓN, FABRICACIÓN Y COPYRIGHT |
| Lugar de producción, publicación, distribución, fabricación |
Santo Domingo, República Dominicana : |
| Nombre del de productor, editor, distribuidor, fabricante |
IMADIA, E.I.R.L., |
| Fecha de producción, publicación, distribución, fabricación o copyright |
2014 |
| 264 #4 - PRODUCCIÓN, PUBLICACIÓN, DISTRIBUCIÓN, FABRICACIÓN Y COPYRIGHT |
| Fecha de producción, publicación, distribución, fabricación o copyright |
©2014 |
| 300 ## - DESCRIPCIÓN FÍSICA |
| Extensión |
84 páginas : |
| Dimensiones |
27 cm. |
| 336 ## - TIPO DE CONTENIDO |
| Fuente |
rdacontent |
| Término de tipo de contenido |
texto |
| Código de tipo de contenido |
txt |
| 337 ## - TIPO DE MEDIO |
| Fuente |
rdamedia |
| Nombre del tipo de medio |
sin mediación |
| Código del tipo de medio |
n |
| 338 ## - TIPO DE SOPORTE |
| Fuente |
rdacarrier |
| Nombre del tipo de soporte |
volumen |
| Código del tipo de soporte |
nc |
| 504 ## - NOTA DE BIBLIOGRAFÍA, ETC. |
| Nota de bibliografía, etc. |
Contiene Información Bibliográfica. |
| 505 #2 - NOTA DE CONTENIDO CON FORMATO |
| Nota de contenido con formato |
Esquema general de la Política Nacional de Investigación para la Salud -- Situación de salud en la República Dominicana -- Principios rectores de la Política -- Objetivos de la Política de Investigación -- Marco legal -- Marco conceptual -- Definición de la Política Nacional de Investigación para la Salud -- Lineamientos estratégicos para una Política Nacional de Investigación -- Promover la cultura de investigación para la salud en el país a través de la integración de programas adecuados y pertinentes a todos los niveles del sistema educativo nacional -- Definir las Prioridades Nacionales en Salud como criterios que orienten la asignación de recursos para la investigación científica en salud, apoyadas con fondos gubernamentales y no gubernamentales -- Promover la institucionalización del trabajo del investigador para la salud -- Impulsar la investigación científica en salud -- Gestión del conocimiento -- Propiciar la consecución de recursos en la investigación para la salud -- Promover el intercambio nacional e internacional del conocimiento científico en salud -- Reconocer la excelencia y el emprendimiento de nuevos descubrimientos o aportes significativos en el área de salud realizados por medio de la investigación científica en salud -- Instituir la ética/bioética de la investigación como eje transversal en todas las actividades relacionadas con la actividad científica en salud -- Promover la identificación de las investigaciones en salud realizadas en el país como base para la planificación de las Prioridades de Investigación. |
| 942 ## - ELEMENTOS DE PUNTO DE ACCESO ADICIONAL (KOHA) |
| Fuente del sistema de clasificación o colocación |
Dewey Decimal Classification |
| Tipo de ítem Koha |
Libro |
| Suprimir en OPAC |
No |